Loading...
| Current Events | 2 | 10.00 | 100% | 0% | 0% |
| Fine Arts - Classical Music | 4 | 20.00 | 100% | 100% | 0% |
| Fine Arts - Other | 5 | 14.00 | 80% | 60% | 0% |
| Fine Arts - Painting and Sculpture | 7 | 11.43 | 100% | 14% | 0% |
| Geography | 1 | 10.00 | 100% | 0% | 0% |
| History - American | 6 | 10.00 | 100% | 0% | 0% |
| History - European | 6 | 8.33 | 67% | 17% | 0% |
| History - Other | 6 | 11.67 | 67% | 33% | 17% |
| History - World | 3 | 6.67 | 67% | 0% | 0% |
| Literature - American | 3 | 16.67 | 100% | 67% | 0% |
| Literature - British | 6 | 11.67 | 100% | 17% | 0% |
| Literature - European | 5 | 12.00 | 80% | 20% | 20% |
| Literature - World | 3 | 16.67 | 100% | 67% | 0% |
| Mythology | 3 | 13.33 | 100% | 0% | 33% |
| Other Academic | 2 | 10.00 | 50% | 50% | 0% |
| Philosophy | 5 | 20.00 | 100% | 100% | 0% |
| Religion | 8 | 10.00 | 63% | 25% | 13% |
| Science - Biology | 5 | 12.00 | 100% | 20% | 0% |
| Science - Chemistry | 4 | 12.50 | 100% | 25% | 0% |
| Science - Other | 5 | 14.00 | 100% | 40% | 0% |
| Science - Physics | 7 | 15.71 | 100% | 57% | 0% |
| Social Science | 5 | 12.00 | 60% | 60% | 0% |